Остання любов Асури Махараджа (Запис № 17398)
[ простий вигляд ]
| 000 -Маркер запису | |
|---|---|
| Контрольне поле сталої довжини | 01798nam a22002657a 4500 |
| 003 - Належність контрольного номера | |
| Контрольне поле | Uzh_bibl |
| 008 - Кодовані дані | |
| Контрольне поле сталої довжини | 260420b |||||||| |||| 00| 0 ukr d |
| 020 ## - Індекс ISBN | |
| ISBN | 978-617-688-018-9 |
| Ціна | 57.75 |
| 040 ## - Джерело каталогіз. | |
| Код мови каталог. | укр. |
| 041 ## - Код мови видання | |
| Код мови оригіналу | українська |
| Код мови тексту | українська |
| 080 ## - Індекс УДК | |
| Індекс УДК | 821(477) |
| 090 ## - Шифри | |
| Поличний індекс | 821(477) |
| Авторський знак | Д33 |
| 100 ## - Автор | |
| Автор | Дереш Любко |
| 245 ## - Назва | |
| Назва | Остання любов Асури Махараджа |
| Відповідальність | Оригінал-макет обкладинки new promo studio. Фото на 4 стор. обкладинки: Гліб Гараніч |
| Фізичний носій | Текст |
| 260 ## - Вихідні дані | |
| Місце видання | Київ |
| Видавництво | Нора-Друк |
| Дата видання | 2013 |
| 300 ## - Фізичний опис | |
| Обсяг | 226 с, |
| Тип одиниці | В опр. |
| 490 ## - Серія | |
| Назва серії | Читацький клуб |
| 520 ## - Анотація | |
| Анотація | «Остання любов Асури Махараджа» — алегорична історія про демона, який вирішив покинути розкіш нижніх світів заради любові до сліпої дівчини з України, що мешкає в самому серці Нью-Йорка. Протистояння напівбогів і демонів, демонстрації на Уолл-стріт і харизматичні проповідники, метафізичні запитання і смачні історії з лівообертальних світів (толерантна назва пекельних планет) — все це у новому романі Любка Дереша про любов, від якої тане серце.<br/> |
| 521 ## - Примітка про цільове призначення | |
| Примітка про цільове призначення | Для широкого кола читачів |
| 546 ## - Примітка про мову | |
| Примітка про мову | укр. |
| 650 ## - Тематичні рубрики | |
| Основна рубрика | Літературно-художнє видання |
| 653 ## - Ключові слова | |
| Ключові слова | Асура |
| -- | Махараджа |
| -- | Демони |
| 655 ## - Термін індексування — жанр/форма | |
| Жанр/форма | Містика |
| Типове ділення | Роман |
| 942 ## - ADDED ENTRY ELEMENTS (KOHA) | |
| Джерело класифікації чи схема поличного розташування | |
| Koha item type | Книги |
| Статус вилучення | Статус втрати/відсутності | Джерело класифікації чи схема поличного розташування | Статус пошкодження | Тип обігу (не для випозичання) | Постійне розташування | Поточне розташування | Дата надходження | Інвентарний номер | Total Checkouts | Повний (примірниковий) шифр зберігання | Штрих-код | Date last seen | Дата, для якої чинна ціна заміни | Тип одиниці (рівень примірника) |
|---|---|---|---|---|---|---|---|---|---|---|---|---|---|---|
| Бібліотека-філія №3 | Бібліотека-філія №3 | 20/04/2026 | 66168 | 821(477) | 4190 | 20/04/2026 | 20/04/2026 | Книги |